Inaugural lecture on astronomy and papers on the foundations of mathematics /

Bibliographic Details
Main Author: Gauss, Carl Friedrich, 1777-1855
Other Authors: Dunnington, G. Waldo (Guy Waldo), 1906-
Format: Book
Language:English
Undetermined
Published: Baton Rouge : Louisiana state university press, 1937.
Subjects:

MARC

Tag First Indicator Second Indicator Subfields
LEADER 00000cam a2200000 4500
001 in00000040880
005 20151007064719.0
008 720519s1937 lau 00000 eng u
010 |a  38000899  
035 |a (OCoLC)00312404 
035 |9 AAE0436AM 
040 |c KSU  |d TXA  |d UtOrBLW 
041 1 |a eng  |a und 
049 |a TXAM  |c [170805] 
050 0 |a QB51  |b .G3 
092 |a 520.4  |b G274i 
100 1 |a Gauss, Carl Friedrich,  |d 1777-1855. 
245 1 0 |a Inaugural lecture on astronomy and papers on the foundations of mathematics /  |c translated and edited by G. Waldo Dunnington. 
264 1 |a Baton Rouge :  |b Louisiana state university press,  |c 1937. 
300 |a xi, 91 pages :  |b illustrations ;  |c 20 cm. 
336 |a text  |b txt  |2 rdacontent 
337 |a unmediated  |b n  |2 rdamedia 
338 |a volume  |b nc  |2 rdacarrier 
500 |a "Included in this volume is the substance of a lecture on the early life of Gauss, which I gave before the 19th annual meeting of the Kansas section, the Mathematical association of America, at Topeka, February 11, 1933."--Pref. 
650 0 |a Astronomy. 
650 0 |a Mathematics. 
700 1 |a Dunnington, G. Waldo  |q (Guy Waldo),  |d 1906- 
999 |a MARS 
999 f f |s f68aab52-4e58-3f4d-8485-38ed0370eff4  |i f659ba95-ecfc-3290-ac35-4efd12c4870e  |t 0 
952 f f |p normal  |a Texas A&M University  |b College Station  |c Sterling C. Evans Library  |d Evans: Library Stacks  |t 0  |e QB51 .G3  |h Library of Congress classification  |i unmediated -- volume  |m A14800898442 
998 f f |a QB51 .G3  |t 0  |l Evans: Library Stacks